000 01282cab a2200397 4500
001 ABS54240
008 090401t1995 xxu||||| |||| 00| 0 eng d
035 _a(Sirsi) u9219
041 _aeng
245 _aFocus `95: Ports, airports and rail links
260 _c1995
350 _a0
490 _aEstates Gazette
_v(9548) 2 December 1995, 77-94(10)
520 _aExamines the growing interest in property surrounding airports and railway stations, due to the increase in air travel and the distribution possibilities of the Channel Tunnel. Also examines the upturn in growth, in and around the country`s ports.
650 _aAIR TRAVEL
650 _aAIRPORT DEVELOPMENT
650 _aAIRPORTS
650 _aCHANNEL TUNNEL RAIL LINK
650 _aDOCKS
650 _aFREIGHT TERMINALS
650 _aGREAT WESTERN RAILWAY
650 _aOFFICE DEVELOPMENT
650 _aPORTS
650 _aPLANNING POLICY GUIDANCE NOTE 13
650 _aPRIME LOCATIONS
650 _aPRIVATISATION
650 _aPROPERTY INDUSTRY
650 _aPUBLIC TRANSPORT
650 _aRAIL LINK
650 _aRAILWAY STATIONS
650 _aSTORAGE FACILITIES
650 _aTRAFFIC CONGESTION
690 _aTRANSPORT AND COMMUNICATIONS
942 _n0
948 _c04/03/1997
999 _c5722
_d5722